[Event "42nd Olympiad 2016"]
[Site "Baku AZE"]
[Date "2016.09.10"]
[Round "8.35"]
[Board "4"]
[White "Sadiku, Bedri"]
[Black "Zhu, Chen"]
[Result "1/2-1/2"]
[WhiteTitle "IM"]
[BlackTitle "GM"]
[WhiteElo "2189"]
[BlackElo "2418"]
[WhiteTeam "Kosovo"]
[BlackTeam "Qatar"]
[WhiteFideId "915998"]
[BlackFideId "8600546"]
[EventDate "2016.09.02"]

1. Nf3 d5 2. d3 Nf6 3. Nbd2 Nc6 4. e4 e5 5. h3 Bc5 6. c3 a5 7. Be2 O-O 8. Qc2
Re8 9. Nh2 h6 10. Ndf1 Ne7 11. Ng4 Ng6 12. g3 d4 13. Nxf6+ Qxf6 14. cxd4 Bxd4
15. Be3 c5 16. a4 Be6 17. Rc1 Ne7 18. Bxd4 cxd4 19. Nd2 Rac8 20. Qd1 Rxc1 21.
Qxc1 Rc8 22. Qb1 Nc6 23. b3 Qe7 24. Bg4 Nb4 25. Nc4 Rc5 26. O-O b5 27. axb5 Rxb5
28. Kg2 Bxg4 29. hxg4 Na6 30. Qc2 Qb4 31. Ra1 Nc5 32. Nxe5 Qc3 33. Ra2 Nxb3 34.
Nf3 Qxc2 35. Rxc2 a4 36. Rc8+ Kh7 37. Ra8 Rb4 38. Ne5 Nc5 39. Ra5 Nb7 40. Ra7 f6
41. Nc6 Rb3 42. Rxa4 Nc5 43. Rxd4 Nxd3 44. Rd7 Nc5 45. Re7 Rd3 46. e5 fxe5 47.
Nxe5 Rb3 48. Nc4 Kg8 49. Nd6 g6 50. Nc4 Nd3 51. f4 Rb4 52. Rc7 Rb3 53. Nd6 g5
54. f5 Rb2+ 55. Kf1 Rb6 56. Nc4 Rb5 57. Rd7 Rc5 58. Rd4 Ne5 59. Ne3 Ra5 60. Rd6
Ra3 61. Kf2 Ra2+ 62. Ke1 Ra3 63. Kd2 Kg7 64. Rd8 Ra2+ 65. Kd1 Ra4 66. Ke2 Nxg4
67. Nxg4 Rxg4 68. Kf3 Ra4 1/2-1/2

[Event "42nd Olympiad 2016"]
[Site "Baku AZE"]
[Date "2016.09.10"]
[Round "8.36"]
[Board "1"]
[White "Winants, Luc"]
[Black "Atabayev, Maksat"]
[Result "1/2-1/2"]
[WhiteTitle "GM"]
[BlackTitle "GM"]
[WhiteElo "2558"]
[BlackElo "2485"]
[WhiteTeam "Belgium"]
[BlackTeam "Turkmenistan"]
[WhiteFideId "200018"]
[BlackFideId "14001101"]
[EventDate "2016.09.02"]

1. d4 Nf6 2. Nf3 g6 3. Nc3 Bg7 4. e4 d6 5. Be2 c6 6. a4 O-O 7. O-O Qc7 8. Re1
Nbd7 9. Bf1 e5 10. Bg5 Re8 11. Qd2 exd4 12. Nxd4 Nc5 13. f3 Ne6 14. Be3 Nxd4 15.
Bxd4 Be6 16. Rad1 Rad8 17. Qf4 Nh5 18. Qe3 Bxd4 19. Qxd4 a6 20. Rd2 Qe7 21. Red1
Nf6 22. Qb4 d5 23. Qxe7 Rxe7 24. exd5 cxd5 25. Rd4 Rc8 26. Kf2 Kf8 27. Rf4 Kg7
28. Bd3 Rec7 29. Rd4 Kf8 30. h4 h6 31. Re1 Re7 32. Ne2 Bd7 33. Ra1 Bc6 34. a5
Nd7 35. Nf4 Ne5 36. Bf1 g5 37. hxg5 hxg5 38. Nh5 f5 39. Ng3 Bd7 40. c3 f4 41.
Ne2 Bc6 42. Nc1 Kg7 43. Nb3 Rce8 44. Rad1 Rf8 45. Be2 Rf6 46. Rh1 Be8 47. Nc5
Rc6 48. b4 Bf7 49. Bd3 Rc8 50. Bf5 Rce8 51. Rhd1 Kf6 52. Bb1 Bg8 53. g3 Nc6 54.
R4d2 Re3 55. gxf4 gxf4 56. Nd3 Ne5 57. Nxe5 R8xe5 58. Bd3 Bf7 59. Rh1 Rh5 60.
Rxh5 Bxh5 61. Be2 Bf7 62. Rd3 Re8 63. Ke1 Ke5 64. Rd4 Rh8 65. b5 Rh1+ 66. Kd2
Ra1 67. bxa6 bxa6 68. Bxa6 Rxa5 69. Be2 Ra2+ 70. Kd1 Ra1+ 71. Kd2 Ra2+ 72. Kd1 1/2-1/2

[Event "42nd Olympiad 2016"]
[Site "Baku AZE"]
[Date "2016.09.10"]
[Round "8.36"]
[Board "2"]
[White "Atabayev, Yusup"]
[Black "Soors, Stef"]
[Result "1-0"]
[WhiteTitle "IM"]
[BlackTitle "IM"]
[WhiteElo "2453"]
[BlackElo "2398"]
[WhiteTeam "Turkmenistan"]
[BlackTeam "Belgium"]
[WhiteFideId "14001128"]
[BlackFideId "209511"]
[EventDate "2016.09.02"]

1. e4 c6 2. d4 d5 3. e5 Bf5 4. Nf3 e6 5. Be2 Nd7 6. O-O Bb4 7. Nbd2 Ba5 8. c3
Bc7 9. Ne1 c5 10. f4 Ne7 11. Ndf3 O-O 12. Be3 c4 13. Nd2 h6 14. g4 Bh7 15. Ng2
f6 16. Nf3 Nc6 17. b4 b5 18. a4 a5 19. axb5 Na7 20. b6 Bxb6 21. Qa4 axb4 22.
Qxb4 Qc7 23. f5 Nc6 24. Qb5 Rxa1 25. Rxa1 fxe5 26. fxe6 exd4 27. Qxd5 Nf6 28.
Qxc4 dxe3 29. e7+ Rf7 30. Ra8+ Nb8 31. Ne5 Bg6 32. Nxg6 Qxc4 33. Bxc4 e2+ 34.
Kh1 Nxg4 35. e8=Q+ Kh7 36. Qxf7 Nf2+ 37. Qxf2 1-0

[Event "42nd Olympiad 2016"]
[Site "Baku AZE"]
[Date "2016.09.10"]
[Round "8.36"]
[Board "3"]
[White "Capone, Nicola"]
[Black "Atabayev, Saparmyrat"]
[Result "0-1"]
[WhiteTitle "FM"]
[BlackTitle "FM"]
[WhiteElo "2373"]
[BlackElo "2406"]
[WhiteTeam "Belgium"]
[BlackTeam "Turkmenistan"]
[WhiteFideId "224715"]
[BlackFideId "14000571"]
[EventDate "2016.09.02"]

1. e4 c5 2. Nf3 d6 3. d4 cxd4 4. Nxd4 Nf6 5. Nc3 a6 6. Bc4 e6 7. Bb3 Nbd7 8. f4
Nc5 9. f5 Be7 10. Qf3 O-O 11. Be3 Qc7 12. g4 b5 13. g5 Nfxe4 14. f6 Bb7 15. fxe7
Qxe7 16. Nxe4 Bxe4 17. Qf1 Bxh1 18. Qxh1 d5 19. O-O-O Rfc8 20. Kb1 Qc7 21. Rc1
Rab8 22. Qf1 Nxb3 23. Nxb3 e5 24. Bd2 b4 25. c3 bxc3 26. Rxc3 Qd6 27. Qc1 Rxc3
28. Qxc3 d4 29. Qc5 Qe6 30. Ka1 Rc8 31. Qa7 Qc4 0-1

[Event "42nd Olympiad 2016"]
[Site "Baku AZE"]
[Date "2016.09.10"]
[Round "8.36"]
[Board "4"]
[White "Odeev, Handszar"]
[Black "Hamblok, Roel"]
[Result "1/2-1/2"]
[WhiteTitle "GM"]
[BlackTitle "FM"]
[WhiteElo "2401"]
[BlackElo "2282"]
[WhiteTeam "Turkmenistan"]
[BlackTeam "Belgium"]
[WhiteFideId "14000091"]
[BlackFideId "209317"]
[EventDate "2016.09.02"]

1. e4 c5 2. Nf3 d6 3. Bc4 Nf6 4. d3 Nc6 5. O-O a6 6. a4 g6 7. Ng5 e6 8. Nc3 h6
9. Nh3 Bg7 10. f4 d5 11. Ba2 dxe4 12. dxe4 Qxd1 13. Rxd1 Nd4 14. e5 Nd7 15. Ne4
Nxc2 16. Rb1 Nb4 17. Bb3 b5 18. Bd2 Nd5 19. Nd6+ Ke7 20. Bxd5 exd5 21. b4 c4 22.
Be3 f6 23. Rxd5 fxe5 24. Rbd1 Rd8 25. f5 bxa4 26. fxg6 Nf8 27. Bb6 Rxd6 28. Bc5
Bg4 29. Rf1 Rd8 30. Nf2 Bf5 1/2-1/2

[Event "42nd Olympiad 2016"]
[Site "Baku AZE"]
[Date "2016.09.10"]
[Round "8.37"]
[Board "1"]
[White "Rozentalis, Eduardas"]
[Black "Greet, Andrew N"]
[Result "1/2-1/2"]
[WhiteTitle "GM"]
[BlackTitle "IM"]
[WhiteElo "2565"]
[BlackElo "2455"]
[WhiteTeam "Lithuania"]
[BlackTeam "Scotland"]
[WhiteFideId "12800023"]
[BlackFideId "405817"]
[EventDate "2016.09.02"]

1. e4 e6 2. d4 d5 3. e5 c5 4. c3 Qb6 5. Nf3 Nc6 6. a3 Nh6 7. b4 cxd4 8. cxd4 Nf5
9. Be3 f6 10. exf6 gxf6 11. Bd3 Nxe3 12. fxe3 Bh6 13. Qe2 O-O 14. Nc3 a5 15. b5
Ne7 16. O-O e5 17. Bc2 e4 18. Ne1 f5 19. Bb3 Qd6 20. g3 Be6 21. Ng2 Rac8 22. Qd2
b6 23. Ne2 Bg5 24. Ngf4 Bf7 25. Qb2 h5 26. h4 Bh6 27. Rac1 Ng6 28. Rxc8 Rxc8 29.
Rc1 Rxc1+ 30. Qxc1 Nxf4 31. Nxf4 Bxf4 32. gxf4 Qe7 33. Qc8+ Kg7 34. Qxf5 Qxh4
35. Kg2 Qe1 36. Qg5+ Kh7 37. Bxd5 Qe2+ 38. Kh1 Qf1+ 39. Kh2 Qf2+ 40. Kh1 Qf1+ 1/2-1/2

[Event "42nd Olympiad 2016"]
[Site "Baku AZE"]
[Date "2016.09.10"]
[Round "8.37"]
[Board "2"]
[White "Shaw, John"]
[Black "Laurusas, Tomas"]
[Result "1/2-1/2"]
[WhiteTitle "GM"]
[BlackTitle "IM"]
[WhiteElo "2454"]
[BlackElo "2437"]
[WhiteTeam "Scotland"]
[BlackTeam "Lithuania"]
[WhiteFideId "2400553"]
[BlackFideId "12803731"]
[EventDate "2016.09.02"]

1. e4 c5 2. Be2 Nc6 3. f4 d5 4. d3 g6 5. Nf3 Bg7 6. O-O e6 7. c3 Nge7 8. Na3 O-O
9. Qe1 e5 10. fxe5 dxe4 11. dxe4 Bg4 12. Be3 b6 13. Rd1 Qc8 14. Qh4 Bxf3 15.
Rxf3 Qe6 16. Bc4 Qxe5 17. Rdf1 Nd8 18. Rh3 h5 19. Bg5 Nec6 20. Bd5 Ne6 21. Bf6
Bxf6 22. Rxf6 Ne7 23. Rxe6 fxe6 24. Bxa8 Qd6 25. Rf3 Qd1+ 26. Kf2 Qd2+ 27. Kg3
Qe1+ 28. Kh3 Rxf3+ 29. gxf3 Qf1+ 30. Kg3 Qe1+ 31. Kh3 Qf1+ 32. Kg3 Qe1+ 33. Kh3
Qf1+ 34. Kg3 Qg1+ 35. Kh3 1/2-1/2

[Event "42nd Olympiad 2016"]
[Site "Baku AZE"]
[Date "2016.09.10"]
[Round "8.37"]
[Board "3"]
[White "Sulskis, Sarunas"]
[Black "McNab, Colin A"]
[Result "1/2-1/2"]
[WhiteTitle "GM"]
[BlackTitle "GM"]
[WhiteElo "2519"]
[BlackElo "2434"]
[WhiteTeam "Lithuania"]
[BlackTeam "Scotland"]
[WhiteFideId "12800112"]
[BlackFideId "2400030"]
[EventDate "2016.09.02"]

1. d4 g6 2. e4 Bg7 3. c4 d6 4. Nc3 e5 5. Nf3 Nc6 6. d5 Nd4 7. Nxd4 exd4 8. Nb5
Qe7 9. Bd3 c6 10. Na3 Nf6 11. O-O O-O 12. Nc2 c5 13. Bf4 Nh5 14. Bd2 f5 15. exf5
Bxf5 16. Ne1 Bd7 17. Nf3 Bg4 18. Qe1 Qxe1 19. Nxe1 Nf4 20. Bxf4 Rxf4 21. h3 Bd7
22. g3 Rf7 23. Kg2 Re8 24. Nc2 Rfe7 25. Rad1 a6 26. Rfe1 b5 27. Rxe7 Rxe7 28.
Re1 Rxe1 29. Nxe1 b4 30. f4 Bf6 31. g4 Kg7 32. Nf3 h6 33. b3 a5 34. Bc2 g5 35.
Kg3 Be8 36. Bf5 a4 37. Ne1 a3 38. Nd3 gxf4+ 39. Kxf4 Bg5+ 40. Kf3 Be3 41. Ne1
Kf6 42. Ke2 Ke5 43. Nd3+ Kf6 44. Ne1 Ke5 45. Nd3+ Kf6 46. Ne1 1/2-1/2

[Event "42nd Olympiad 2016"]
[Site "Baku AZE"]
[Date "2016.09.10"]
[Round "8.37"]
[Board "4"]
[White "Gourlay, Iain"]
[Black "Malisauskas, Vidmantas"]
[Result "0-1"]
[WhiteTitle "FM"]
[BlackTitle "GM"]
[WhiteElo "2393"]
[BlackElo "2434"]
[WhiteTeam "Scotland"]
[BlackTeam "Lithuania"]
[WhiteFideId "2401533"]
[BlackFideId "12800031"]
[EventDate "2016.09.02"]

1. Nf3 d5 2. c4 c6 3. e3 Nf6 4. Nc3 g6 5. d4 Bg7 6. Bd3 O-O 7. O-O Bg4 8. h3
Bxf3 9. Qxf3 dxc4 10. Bxc4 Nbd7 11. e4 e5 12. Be3 exd4 13. Bxd4 Nb6 14. Bxb6
Qxb6 15. Bb3 Nd7 16. Rad1 Rad8 17. Rfe1 Nc5 18. Rxd8 Qxd8 19. Rd1 Qa5 20. Qe3
Re8 21. Qf4 Nxb3 22. axb3 Bxc3 23. bxc3 Qxc3 24. Rd7 Qxb3 25. h4 h5 26. Rc7 Rf8
27. Re7 a5 28. e5 Qb1+ 29. Kh2 Qf5 30. Qd4 b5 31. e6 c5 32. Qd6 Qxf2 33. exf7+
Kg7 34. Qe5+ Qf6 35. Qxc5 Rxf7 36. Re4 Qf5 37. Qd4+ Kh7 38. Kg1 b4 39. Qc4 Rd7
40. Rf4 Qd5 41. Qc8 Rf7 0-1

[Event "42nd Olympiad 2016"]
[Site "Baku AZE"]
[Date "2016.09.10"]
[Round "8.38"]
[Board "1"]
[White "Matamoros Franco, Carlos S."]
[Black "Rodriguez Vila, Andres"]
[Result "0-1"]
[WhiteTitle "GM"]
[BlackTitle "GM"]
[WhiteElo "2488"]
[BlackElo "2453"]
[WhiteTeam "Ecuador"]
[BlackTeam "Uruguay"]
[WhiteFideId "3600017"]
[BlackFideId "3000010"]
[EventDate "2016.09.02"]

1. Nf3 c5 2. c4 b6 3. g3 Bb7 4. Bg2 Nf6 5. O-O e6 6. Nc3 Be7 7. Re1 d6 8. e4
Nbd7 9. d4 cxd4 10. Nxd4 Qc7 11. Ndb5 Qb8 12. f4 O-O 13. Be3 a6 14. Nd4 Rc8 15.
Qe2 Ra7 16. Bf2 Ba8 17. a4 Bf8 18. f5 Re8 19. fxe6 fxe6 20. Bh3 Nc5 21. b4 Ncxe4
22. Nxe4 Nxe4 23. Be3 e5 24. Nc2 Rc7 25. Bg2 Rec8 26. Na3 Nc3 27. Qd2 Bxg2 28.
Qxg2 d5 29. cxd5 Bxb4 30. Qb2 Nxd5 31. Qa2 Qb7 32. Red1 Rd7 33. Nc4 Kh8 34. Nxe5
Bc3 35. Nxd7 Nxe3 36. Qf2 Nxd1 37. Rxd1 Rd8 38. Rd3 Bf6 39. Qf5 Qc6 40. Rd5 Be7
41. h4 Bd6 0-1

[Event "42nd Olympiad 2016"]
[Site "Baku AZE"]
[Date "2016.09.10"]
[Round "8.38"]
[Board "2"]
[White "Roselli Mailhe, Bernardo"]
[Black "Barros Rivadeneira, Cristhian"]
[Result "1/2-1/2"]
[WhiteTitle "IM"]
[BlackTitle "IM"]
[WhiteElo "2434"]
[BlackElo "2351"]
[WhiteTeam "Uruguay"]
[BlackTeam "Ecuador"]
[WhiteFideId "3000028"]
[BlackFideId "3609677"]
[EventDate "2016.09.02"]

1. d4 Nf6 2. c4 c5 3. d5 b5 4. cxb5 a6 5. bxa6 g6 6. Nc3 Bxa6 7. Nf3 Bg7 8. e4
Bxf1 9. Kxf1 d6 10. g3 O-O 11. Kg2 Nbd7 12. a4 Ra6 13. Re1 Qa8 14. Qc2 Rb8 15.
b3 Ne8 16. Rb1 Nc7 17. Nd2 e6 18. dxe6 fxe6 19. Nf3 Rab6 20. Bf4 Qa6 21. Nd2
Bxc3 22. Qxc3 e5 23. Bh6 Rb4 24. Qf3 Ne6 25. Qg4 Re8 26. Nc4 Qc6 27. Qh4 Nd4 28.
Ne3 Nxb3 29. Nd5 Qxd5 30. exd5 Rxh4 31. gxh4 c4 32. Re3 Ra8 33. f4 e4 34. f5
Rxa4 35. Rxe4 Ne5 36. fxg6 hxg6 37. Bf4 Ra2+ 38. Kh3 Nc5 39. Re3 Ncd3 40. Bxe5
Nxe5 41. Rb6 Rd2 42. Rxd6 Rd3 43. Rg3 Kf7 44. Kg2 c3 45. Rd7+ Kf6 46. Rc7 Rd2+
47. Kh3 Nd3 48. Re3 Nf4+ 49. Kg3 Nxd5 50. Rc6+ Kg7 51. Rexc3 Nxc3 52. Rxc3 Rd4
53. Ra3 Rb4 54. Rd3 1/2-1/2

[Event "42nd Olympiad 2016"]
[Site "Baku AZE"]
[Date "2016.09.10"]
[Round "8.38"]
[Board "3"]
[White "Macias Murillo, Bryan"]
[Black "Rodi, Luis Ernesto"]
[Result "1/2-1/2"]
[WhiteTitle "IM"]
[BlackTitle "IM"]
[WhiteElo "2276"]
[BlackElo "2340"]
[WhiteTeam "Ecuador"]
[BlackTeam "Uruguay"]
[WhiteFideId "3603296"]
[BlackFideId "101710"]
[EventDate "2016.09.02"]

1. b3 e5 2. Bb2 Nc6 3. c4 g6 4. g3 Bg7 5. Bg2 d6 6. Nc3 f5 7. e3 Nf6 8. d3 O-O
9. Nge2 Ne7 10. O-O c6 11. Rc1 g5 12. f4 Ng6 13. Qd2 h6 14. Kh1 Qe7 15. Rce1 Qf7
16. Ba3 Rd8 17. Bh3 Nh7 18. fxg5 Nxg5 19. Bxf5 Bxf5 20. e4 Bxe4+ 21. Nxe4 Nxe4
22. dxe4 Qe6 23. Nc3 Rd7 24. Qf2 Ne7 25. Rd1 a6 26. Qe2 b5 27. Rf3 Rb8 28. Bc1
bxc4 29. bxc4 Rb4 30. Rfd3 Nc8 31. c5 Rd4 32. Ba3 Rf7 33. cxd6 Nxd6 34. Bc5 Rxd3
35. Qxd3 Nb5 36. Nxb5 axb5 37. Qb3 Qg6 38. Kg1 Kh7 39. Rd6 Rf6 40. Rxf6 Qxf6 41.
Qd3 Qe6 42. a3 Qg4 43. Kg2 Qe6 44. Qf3 Kg8 45. Bb4 Qa2+ 46. Kh3 Qe6+ 47. Qg4 Qc4
48. Qc8+ Kh7 49. Qf5+ Kg8 50. Bd6 c5 51. Qc8+ Kh7 52. Qf5+ Kg8 53. Bxe5 Bxe5 54.
Qxe5 b4 55. axb4 cxb4 56. Qe8+ Kg7 57. Qe7+ Kg6 58. e5 Qf1+ 59. Kh4 Qc4+ 60. g4
Qf4 61. Qe6+ Kg7 62. Qe7+ Kg6 63. Qe8+ Kg7 64. Qd7+ Kg6 65. Qd6+ Kg7 66. Qd7+
Kg6 67. Qe8+ Kg7 68. Qe7+ Kg6 69. Qe6+ Kg7 70. Qd7+ Kg6 1/2-1/2

[Event "42nd Olympiad 2016"]
[Site "Baku AZE"]
[Date "2016.09.10"]
[Round "8.38"]
[Board "4"]
[White "Coppola, Claudio"]
[Black "Pazos Gambarrotti, Plinio"]
[Result "1/2-1/2"]
[WhiteTitle "IM"]
[BlackTitle "IM"]
[WhiteElo "2230"]
[BlackElo "2239"]
[WhiteTeam "Uruguay"]
[BlackTeam "Ecuador"]
[WhiteFideId "3001717"]
[BlackFideId "3600068"]
[EventDate "2016.09.02"]

1. d4 g6 2. e4 Bg7 3. Nf3 c5 4. d5 d6 5. Bb5+ Nd7 6. a4 Nf6 7. Nc3 O-O 8. O-O a6
9. Be2 b6 10. h3 Rb8 11. Re1 Ne8 12. Nd2 Nc7 13. Nc4 Ne5 14. Na3 Nd7 15. Rb1 Bd4
16. Bh6 Re8 17. Qd2 Bb7 18. Bf4 Bg7 19. Bg3 Rf8 20. Nc4 Ba8 21. Bf1 b5 22. axb5
axb5 23. Nxd6 exd6 24. Bxd6 Re8 25. Bxc7 Qxc7 26. Nxb5 Qd8 27. c4 Ne5 28. f4 Nc6
29. e5 g5 30. Qf2 Nd4 31. Nxd4 cxd4 32. Qxd4 gxf4 33. Qxf4 Qc7 34. Bd3 Rxe5 35.
Rf1 Rb3 36. Bc2 Rb4 37. b3 Bxd5 38. Qd2 Qc5+ 39. Kh1 Be4 40. Ra1 Re8 41. Bxe4
Bxa1 42. Bd5 Re3 43. Rxa1 Rbxb3 44. Rf1 Kh8 45. Qf2 Qe7 46. Bxf7 Qg5 47. Kg1 Re5
48. Bd5 Qe3 49. Qxe3 Rbxe3 50. Rf8+ Kg7 51. Rc8 h5 52. Kh2 Rc3 53. Rg8+ Kh7 54.
Rg3 Rc1 55. h4 Ree1 56. Rg5 Rh1+ 57. Kg3 Rc3+ 58. Bf3 Rxc4 59. Rxh5+ Kg6 60. Rh8
Kg7 61. Rh5 Kg6 62. Rg5+ Kh6 63. Rh5+ 1/2-1/2

[Event "42nd Olympiad 2016"]
[Site "Baku AZE"]
[Date "2016.09.10"]
[Round "8.39"]
[Board "1"]
[White "Lee, Jun Hyeok"]
[Black "Mollah Abdullah, Al Rakib"]
[Result "0-1"]
[WhiteTitle "FM"]
[BlackTitle "GM"]
[WhiteElo "2238"]
[BlackElo "2488"]
[WhiteTeam "South Korea"]
[BlackTeam "Bangladesh"]
[WhiteFideId "13202340"]
[BlackFideId "10200444"]
[EventDate "2016.09.02"]

1. d4 Nf6 2. Bg5 d5 3. e3 c5 4. Bxf6 gxf6 5. dxc5 e6 6. c4 dxc4 7. Nd2 c3 8.
bxc3 Bxc5 9. Qc2 Nd7 10. Ngf3 Qc7 11. Bd3 b6 12. O-O Bb7 13. Qa4 O-O-O 14. Be4
f5 15. Bxb7+ Qxb7 16. Nd4 Rhg8 17. Qc6+ Kb8 18. N2b3 Ba3 19. Rab1 Ne5 20. Na5
Qa8 21. Qxa8+ Kxa8 22. Rb3 Bc5 23. Nac6 Nxc6 24. Nxc6 Rd2 25. a4 Bxe3 26. Ne5
Bf4 27. Nxf7 Rd7 28. Rb4 Bc7 29. Nh6 Rg6 30. Rh4 Bd8 31. Rh5 Bg5 32. Nxf5 exf5
33. f4 Bf6 0-1

[Event "42nd Olympiad 2016"]
[Site "Baku AZE"]
[Date "2016.09.10"]
[Round "8.39"]
[Board "2"]
[White "Rahman, Ziaur"]
[Black "Kim, Inguh"]
[Result "1-0"]
[WhiteTitle "GM"]
[BlackTitle "CM"]
[WhiteElo "2512"]
[BlackElo "1918"]
[WhiteTeam "Bangladesh"]
[BlackTeam "South Korea"]
[WhiteFideId "10200037"]
[BlackFideId "13201204"]
[EventDate "2016.09.02"]

1. d4 d5 2. Bf4 Nf6 3. e3 Bf5 4. c4 c6 5. Nc3 e6 6. Qb3 Qb6 7. c5 Qxb3 8. axb3
Nbd7 9. h3 Be7 10. b4 O-O 11. b5 Rfc8 12. bxc6 Rxc6 13. Bb5 Rcc8 14. g4 a6 15.
Bxd7 1-0

[Event "42nd Olympiad 2016"]
[Site "Baku AZE"]
[Date "2016.09.10"]
[Round "8.39"]
[Board "3"]
[White "Chon, Yongjoon"]
[Black "Mohammad, Minhaz Uddin"]
[Result "0-1"]
[BlackTitle "IM"]
[WhiteElo "2025"]
[BlackElo "2413"]
[WhiteTeam "South Korea"]
[BlackTeam "Bangladesh"]
[WhiteFideId "13202820"]
[BlackFideId "10201955"]
[EventDate "2016.09.02"]

1. e4 e5 2. Nc3 Nf6 3. Bc4 Nc6 4. d3 Na5 5. Bb3 Nxb3 6. axb3 d6 7. f4 g6 8. Nf3
Bg7 9. O-O O-O 10. Qe1 Ng4 11. h3 Nh6 12. fxe5 dxe5 13. Be3 f6 14. Ra3 a6 15.
Ne2 Re8 16. Qc3 Nf7 17. b4 Nd6 18. Qd2 Bd7 19. Nc1 Bc6 20. Nb3 b6 21. h4 Qd7 22.
h5 Bb7 23. Qf2 f5 24. hxg6 hxg6 25. exf5 gxf5 26. Qh4 Re6 27. g3 Rg6 28. Kf2 f4
29. gxf4 exf4 30. Bd4 Nf5 31. Qxf4 Nxd4 32. Nbxd4 Rf8 0-1

[Event "42nd Olympiad 2016"]
[Site "Baku AZE"]
[Date "2016.09.10"]
[Round "8.39"]
[Board "4"]
[White "Murshed, Niaz"]
[Black "Kwon, Sehyun"]
[Result "1-0"]
[WhiteTitle "GM"]
[WhiteElo "2439"]
[BlackElo "2111"]
[WhiteTeam "Bangladesh"]
[BlackTeam "South Korea"]
[WhiteFideId "10200010"]
[BlackFideId "13203088"]
[EventDate "2016.09.02"]

1. c4 c5 2. Nf3 g6 3. g3 Bg7 4. Bg2 Nc6 5. Nc3 e6 6. O-O Nge7 7. d3 O-O 8. Bf4
d5 9. cxd5 Nxd5 10. Bd2 b6 11. Rc1 Bb7 12. Qb3 Qd7 13. Rfd1 Nde7 14. Ne4 Nf5 15.
e3 Nd6 16. Nxd6 Qxd6 17. Bc3 e5 18. Nd2 Qe7 19. Nc4 Nd8 20. Be4 Re8 21. a4 Rb8
22. Qb5 a6 23. Qxb6 Bxe4 24. Qxb8 Bf3 25. Qd6 Qg5 26. Nd2 Bxd1 27. Rxd1 Qg4 28.
Ra1 Ne6 29. Qxa6 Qe2 30. Ne4 f5 31. Qc6 Re7 32. Qd6 Kf7 33. Re1 Qg4 34. Nd2 Ng5
35. Qd5+ Ke8 36. a5 e4 37. Bxg7 Rxg7 38. a6 Rd7 39. Qc6 Kd8 40. Qb6+ Ke8 41. a7 1-0

[Event "42nd Olympiad 2016"]
[Site "Baku AZE"]
[Date "2016.09.10"]
[Round "8.40"]
[Board "1"]
[White "Wiedenkeller, Michael"]
[Black "Dervishi, Erald"]
[Result "1/2-1/2"]
[WhiteTitle "IM"]
[BlackTitle "GM"]
[WhiteElo "2458"]
[BlackElo "2564"]
[WhiteTeam "Luxembourg"]
[BlackTeam "Albania"]
[WhiteFideId "1700146"]
[BlackFideId "4700236"]
[EventDate "2016.09.02"]

1. d4 Nf6 2. c4 e6 3. g3 d5 4. Nf3 Be7 5. Bg2 O-O 6. O-O b6 7. Nc3 Bb7 8. cxd5
exd5 9. Ne5 Na6 10. Bf4 Ne4 11. Rc1 c5 12. dxc5 Naxc5 13. Nxe4 dxe4 14. b4 Ne6
15. Nc6 Bxc6 16. Rxc6 Qxd1 17. Rxd1 Rad8 18. Rxd8 Rxd8 19. Bxe4 Bxb4 20. Be3 g6
21. Bd3 Bc5 22. Bh6 Bd6 23. Kg2 Nd4 24. Rc1 Bc5 25. Bg5 Re8 26. e3 Ne6 27. Bf6
Nf8 28. Bc4 Nd7 29. Bb2 Kf8 30. Rd1 Rd8 31. e4 Ke7 32. f4 f6 33. Bb5 Bd6 34. Bc1
a6 35. Bc6 Nb8 36. Bd5 Rc8 37. Be3 Nd7 38. Kf3 Rc3 39. Ke2 a5 40. Bd2 Rc7 41.
Rb1 Bc5 42. a4 Nb8 43. Bxa5 Nd7 44. Bd2 Ra7 45. Bc6 Nb8 46. Bb5 Na6 47. Bc3 Nc7
48. Ra1 Nxb5 49. axb5 Rc7 50. Bd2 h5 51. h3 Bd4 52. Ra4 Bg1 53. g4 hxg4 54. hxg4
Kf7 55. Ra1 Bd4 56. Rc1 Ra7 57. Bb4 Ra4 58. Rc7+ Kg8 59. Bd6 Bg1 60. Kf3 g5 61.
fxg5 fxg5 62. Be7 Ra5 63. e5 Rxb5 64. Bf6 Rb4 65. Bxg5 Bh2 66. Rc8+ Kf7 67. Bf6
Rb3+ 68. Ke4 Rb4+ 69. Kf5 Rf4+ 70. Kg5 Re4 71. Rc7+ Ke6 72. Rc6+ Kd7 73. Rd6+
Kc7 74. Re6 b5 75. Re8 b4 76. e6 b3 77. e7 Bd6 78. Kf5 Re2 79. g5 Bxe7 80. Bxe7
b2 81. Bd6+ Kxd6 82. Rb8 Kd5 83. Kf6 Rf2+ 84. Ke7 Re2+ 85. Kf7 Rf2+ 86. Ke7 Re2+ 1/2-1/2

[Event "42nd Olympiad 2016"]
[Site "Baku AZE"]
[Date "2016.09.10"]
[Round "8.40"]
[Board "2"]
[White "Mehmeti, Dritan"]
[Black "Wagener, Claude"]
[Result "1-0"]
[WhiteTitle "IM"]
[BlackTitle "FM"]
[WhiteElo "2415"]
[BlackElo "2295"]
[WhiteTeam "Albania"]
[BlackTeam "Luxembourg"]
[WhiteFideId "4700600"]
[BlackFideId "4000471"]
[EventDate "2016.09.02"]

1. e4 c5 2. Nf3 e6 3. d4 cxd4 4. Nxd4 a6 5. Nc3 Qc7 6. Be3 Nf6 7. Bd3 d6 8. f4
Nbd7 9. Qf3 b6 10. g4 Nc5 11. g5 Nxd3+ 12. cxd3 Nd7 13. O-O-O Bb7 14. Kb1 g6 15.
h4 b5 16. h5 e5 17. hxg6 fxg6 18. Ne6 Qc8 19. Nd5 Rb8 20. Rc1 Nc5 21. fxe5 1-0

[Event "42nd Olympiad 2016"]
[Site "Baku AZE"]
[Date "2016.09.10"]
[Round "8.40"]
[Board "3"]
[White "Linster, Philippe"]
[Black "Pasko, Llambi"]
[Result "0-1"]
[WhiteElo "2233"]
[BlackElo "2316"]
[WhiteTeam "Luxembourg"]
[BlackTeam "Albania"]
[WhiteFideId "4001206"]
[BlackFideId "4701178"]
[EventDate "2016.09.02"]

1. e4 c6 2. d4 d5 3. Nc3 dxe4 4. Nxe4 Bf5 5. Ng3 Bg6 6. Nh3 e6 7. Nf4 Bd6 8. h4
Qc7 9. Nxg6 hxg6 10. Ne4 Bf4 11. Bxf4 Qxf4 12. Ng5 Nf6 13. g3 Qd6 14. Bg2 Qb4+
15. Qd2 Qxb2 16. O-O Qa3 17. Rab1 Qe7 18. c4 O-O 19. Qb2 b6 20. Rfe1 Qd6 21. Bh3
Nbd7 22. Nxf7 Rxf7 23. Bxe6 Rf8 24. Re2 Kh7 25. Bxf7 Rxf7 26. Rbe1 Nf8 27. c5
bxc5 28. dxc5 Qxc5 29. Re5 Qb6 30. Qe2 Qb4 31. Re7 Rxe7 32. Qxe7 c5 33. h5 gxh5
34. Re5 Ng6 0-1

[Event "42nd Olympiad 2016"]
[Site "Baku AZE"]
[Date "2016.09.10"]
[Round "8.40"]
[Board "4"]
[White "Seitaj, Ilir"]
[Black "Mertens, Marc"]
[Result "1-0"]
[WhiteTitle "IM"]
[WhiteElo "2374"]
[BlackElo "2181"]
[WhiteTeam "Albania"]
[BlackTeam "Luxembourg"]
[WhiteFideId "4700031"]
[BlackFideId "4000501"]
[EventDate "2016.09.02"]

1. e4 c5 2. Nf3 d6 3. d4 cxd4 4. Nxd4 Nf6 5. Nc3 a6 6. f4 e6 7. Be2 Be7 8. O-O
O-O 9. Kh1 Qc7 10. a4 Nc6 11. Be3 Re8 12. Bg1 Nxd4 13. Qxd4 e5 14. Qf2 exf4 15.
Qxf4 Be6 16. Bd3 Nd7 17. Nd5 Bxd5 18. exd5 Bf6 19. c3 Re7 20. Rae1 Rae8 21. Rxe7
Rxe7 22. h3 Be5 23. Bxh7+ Kf8 24. Qg4 Bf6 25. Bc2 Re5 26. Qf3 Re7 27. Qh5 Re5
28. Qh8+ Ke7 29. Bd4 Qc4 30. Rd1 Rg5 31. Re1+ Ne5 32. Qb8 Qxd5 33. Be4 Qa5 34.
Qxb7+ Ke8 35. Bb6 Qxa4 1-0